00610 2200181 4500001002100000005001500021035002000036245015700056100001600213300003900229700002200268700001700290260003100307082001100338084001700349020002200366600004000388INLIS00000000000203920251223102550 a0010-12250000041 aIT DIDN'T START WITH YOU :bBUKAN KAMU PENYEBABNYA: BAGAIMANA TRAUMA DALAM KELUARGA MEMBENTUK DIRI KITA DAN BAGAIMANA MEMUTUS SIKLUS ITU /cWOLYNN, MARK0 aMARK WOLYNN a328 halaman :bilus. ;c13,5x20 cm0 aAdinto F. Susanto0 aANUGRAH BAYU aJAKARTA :bGRASINDO,c2024 a155.25 a155.25 MAR i a978-602-05-3106-9 4aPENGEMBANGAN DIRI, SELF IMPROVEMENT